000 00500nam a22001457a 4500
082 _a621
100 _aHussain, Nasir
245 _aBrain Computer Interface:
_bClassification of EEG Signals for Wrist and Grip using Emotiv /
_cNasir Hussain
260 _aIslamabad :
_bCEME - NUST,
_c2016.
300 _a90 p. ;
_c30cm.
650 _aMechatronics Engineering-MS-Thesis
_916096
700 _aDr. Mohsin Islam Tiwana
_917344
942 _2ddc
_cTHE
999 _c536464
_d536464